Los franciscanos en Chiloé

Uloženo v:
Podrobná bibliografie
Hlavní autor: Díaz Sierpe, Bernardino (Autor)
Médium: Kniha
Jazyk:španělština
Vydáno: Santiago Publicaciones del Archivo Franciscano 1990
Témata:
Tagy: Přidat tag
Žádné tagy, Buďte první, kdo vytvoří štítek k tomuto záznamu!

MARC

LEADER 00000nam a2200000 a 4500
001 UCY3514
003 CL-VaPUC
008 950103e19900000CL |||||||||||||||||spa|d
082 0 4 |a 271.3083  |b DIA  |2 21 
100 0 |a Díaz Sierpe, Bernardino  |e author  |9 331820 
245 1 4 |a Los franciscanos en Chiloé 
300 |a 69 p 
942 |c BK 
945 |d 19950103 00:00:00  |a aalvarez 
260 |a Santiago  |b Publicaciones del Archivo Franciscano  |c 1990 
600 0 7 |a FRANCISCANOS  |2 CL-VaPUC  |9 314580 
650 0 |a Historia  |9 255047 
651 0 |a Chiloé  |9 265209 
583 |a last modification  |c 19950103 00:00:00  |k Rodrigo Vera 
999 |c 231623  |d 231621 
952 |0 0  |1 0  |4 0  |6 271_308300000000000_DIA_1990  |7 0  |8 A  |9 235057  |a BIBTEO  |b BIBTEO  |d 2019-11-15  |i 3047660  |o 271.3083 DIA 1990  |p 3047660  |r 2025-01-17  |w 2019-11-15  |y BK  |k ICR